000 00753cam a22002653a 4500
001 2714
003 PGUSA
005 20140828083020.0
008 010701s2001||||xxu|||||s|||||000 1 eng d
040 _aPGUSA
_beng
042 _adc
050 4 _aPS
100 1 _aRinehart, Mary Roberts,
_d1876-1958
245 1 0 _aLong Live the King!
_h[electronic resource] /
_cMary Roberts Rinehart
260 _bProject Gutenberg,
_c2001
506 _aPublic domain in the USA.
516 _aElectronic text
653 _aAdventure stories
653 _aEurope -- Fiction
653 _aAmerican fiction -- 20th century
653 _aPrinces -- Fiction
830 0 _aProject Gutenberg
_v2714
856 4 0 _uhttp://www.gutenberg.org/ebooks/2714
942 _cEB
999 _c232047
_d232047